My internet for seniors / (Record no. 18773)
[ view plain ]
| 000 -LEADER | |
|---|---|
| fixed length control field | 01262cam a22003617i 4500 |
| 005 - DATE AND TIME OF LATEST TRANSACTION | |
| control field | 20230616141706.0 |
| 008 - FIXED-LENGTH DATA ELEMENTS--GENERAL INFORMATION | |
| fixed length control field | 151109s2016 inuao 001 0 eng d |
| 010 ## - LIBRARY OF CONGRESS CONTROL NUMBER | |
| LC control number | 2015956949 |
| 020 ## - INTERNATIONAL STANDARD BOOK NUMBER | |
| ISBN | 0789757435 |
| 020 ## - INTERNATIONAL STANDARD BOOK NUMBER | |
| ISBN | 9780789757432 |
| 035 ## - SYSTEM CONTROL NUMBER | |
| System control number | (OCoLC)ocn927383817 |
| 040 ## - CATALOGING SOURCE | |
| Original cataloging agency | YDXCP |
| Language of cataloging | eng |
| Transcribing agency | YDXCP |
| Description conventions | rda |
| Modifying agency | BDX |
| -- | BTCTA |
| -- | OCLCQ |
| -- | OCLCO |
| -- | JOZ |
| -- | JTH |
| -- | BKL |
| -- | OCLCF |
| -- | JQM |
| -- | TME |
| -- | DLC |
| 042 ## - AUTHENTICATION CODE | |
| Authentication code | lccopycat |
| 082 04 - DEWEY DECIMAL CLASSIFICATION NUMBER | |
| Classification number | 004.6780846 |
| Edition number | 23 |
| Item number | MIL-M |
| 100 1# - MAIN ENTRY--AUTHOR | |
| Author Name | Miller, Michael, |
| Dates associated with a name | 1958- |
| 245 10 - TITLE STATEMENT | |
| Title | My internet for seniors / |
| Statement of responsibility, etc. | Michael Miller. |
| 260 ## - PUBLICATION, DISTRIBUTION, ETC. | |
| Place of Publication | USA |
| Name of publisher, distributor, etc. | QUE |
| Date of publication, distribution, etc. | 2016 |
| 300 ## - PHYSICAL DESCRIPTION | |
| Pages | 378 pages : |
| 336 ## - CONTENT TYPE | |
| Content type term | text |
| Content type code | txt |
| Source | rdacontent |
| 337 ## - MEDIA TYPE | |
| Media type term | unmediated |
| Media type code | n |
| Source | rdamedia |
| 338 ## - CARRIER TYPE | |
| Carrier type term | volume |
| Carrier type code | nc |
| Source | rdacarrier |
| 500 ## - GENERAL NOTE | |
| General note | Includes index. |
| 500 ## - GENERAL NOTE | |
| General note | "Covers using the internet from computers, tablets, and smartphones" |
| 650 #0 - SUBJECT ADDED ENTRY--TOPICAL TERM | |
| Subject / Department | Internet and older people. |
| 650 #0 - SUBJECT ADDED ENTRY--TOPICAL TERM | |
| Subject / Department | Computers and older people. |
| 650 #0 - SUBJECT ADDED ENTRY--TOPICAL TERM | |
| Subject / Department | Technology and older people. |
| 650 #0 - SUBJECT ADDED ENTRY--TOPICAL TERM | |
| Subject / Department | Internet. |
| 650 #0 - SUBJECT ADDED ENTRY--TOPICAL TERM | |
| Subject / Department | Internet |
| Form subdivision | Handbooks, manuals, etc. |
| 264 #1 - PRODUCTION, PUBLICATION, DISTRIBUTION, MANUFACTURE, AND COPYRIGHT NOTICE | |
| Place of production, publication, distribution, manufacture | Indianapolis, Indiana : |
| Name of producer, publisher, distributor, manufacturer | Que, |
| Date of production, publication, distribution, manufacture, or copyright notice | 2016. |
| 300 ## - PHYSICAL DESCRIPTION | |
| -- | illustrations (some color) ; |
| -- | 23 cm |
| 906 ## - LOCAL DATA ELEMENT F, LDF (RLIN) | |
| a | 7 |
| b | cbc |
| c | copycat |
| d | 2 |
| e | epcn |
| f | 20 |
| g | y-gencatlg |
| 952 ## - LOCATION AND ITEM INFORMATION (KOHA) | |
| -- | 0 |
| -- | 0 |
| 952 ## - LOCATION AND ITEM INFORMATION (KOHA) | |
| -- | 0 |
| -- | 0 |
| Lost status | Damaged status | Collection code | Permanent Location | Current Location | Shelving Location | Date acquired | Full Call Number | Accession No./Barcode | Date last seen | item type | Koha item type |
|---|---|---|---|---|---|---|---|---|---|---|---|
| CS/IT | Superior Information Resource Center (SIRC) Superior University- Gold Campus | Superior Information Resource Center (SIRC) Superior University- Gold Campus | MISC | 06/16/2023 | 004.678 MIL-M 2016 | 19358 | 06/16/2023 | BOOK | BOOK | ||
| Superior Information Resource Center (SIRC) Superior University- Gold Campus | Superior Information Resource Center (SIRC) Superior University- Gold Campus | MISC(Internet) | 08/03/2023 | 004.678 MIL-M 2016 | 19568 | 08/03/2023 | BOOK |
